| 000 | 00546nam a2200181Ia 4500 | ||
|---|---|---|---|
| 005 | 20250508155941.0 | ||
| 008 | 008 250505s9999 xx 000 0 eng d | ||
| 037 | _aTextual | ||
| 040 |
_aFEDL _beng _cFEDL |
||
| 041 |
_aeng _2eng |
||
| 084 |
_a540.7, GWA _qFEDL |
||
| 245 | 0 | _aInstructional material in chemistry for high school classes (Solutions) | |
| 260 |
_aGwalior, India _bExtension Services Department |
||
| 300 | _a43p | ||
| 490 | _aPublication series ; 15 | ||
| 942 |
_cTEXL _h540.7, GWA |
||
| 999 |
_c1360356 _d1360356 |
||